000 01599nam a22003857a 4500
003 CHAP
005 20220329135944.0
008 971013s r 00010 d
010 _a44690
011 _a45662
035 _a49801
040 _cCHAP
082 _a630.72
_bI57d
110 _aInstituto Nacional de Investigaciones Agropecuarias. Ecuador
_959319
245 _aInforme divulgativo, 19 -
260 _aQuito :
_bEl Instituto,
_c19 -
300 _av.
_b: ilus.
500 _aLa biblioteca tiene: 1973, 1974, 1975, 1976, 1977
590 _aBATCH-UPD
_b10
_c20130110
_lUCH01
_h2114
590 _aBATCH-UPD
_b10
_c20130410
_lUCH01
_h1424
590 _aBATCH-UPD
_b10
_c20130914
_lUCH01
_h1458
590 _aCONVERSION
_b10
_c20130109
_lUCH01
_h1325
650 1 4 _aAgricultura
_xInvestigacion
_zEcuador.
_91700
650 1 4 _aGanadería
_xInvestigación
_zEcuador.
_944805
901 _aBK
942 _cLIBRO
949 _a630.72 I57d
_bBC
_cLIBRO
_d-112239
_eLIBRO
_f1977
_h38446
_i49801
_mD
_si
949 _a630.72 I57d
_bBC
_cLIBRO
_d33724000041679
_eLIBRO
_f1977
_h47514
_i49801
_si
949 _a630.72 I57d
_bBC
_cLIBRO
_d33724000041687
_eLIBRO
_f1976 c.2
_h43200
_i49801
_si
949 _a630.72 I57d
_bBC
_cLIBRO
_d33724000041695
_eLIBRO
_f1976
_h42640
_i49801
_si
949 _a630.72 I57d
_bBC
_cLIBRO
_d33724000041703
_eLIBRO
_f1975 c.2
_h40447
_i49801
_mD
_si
949 _a630.72 I57d
_bBC
_cLIBRO
_d33724000041711
_eLIBRO
_f1973
_h38446
_i49801
_si
949 _a630.72 I57d
_bBC
_cLIBRO
_d33724000041729
_eLIBRO
_f1974
_h33522
_i49801
_si
949 _a630.72 I57d
_bBC
_cLIBRO
_d33724000042313
_eLIBRO
_f1973 c.2
_h43840
_i49801
_si
999 _c44690
_d44690